| 000 | 00689nam a2200217 a 4500 | ||
|---|---|---|---|
| 999 |
_c5854 _d5854 |
||
| 001 | 5854 | ||
| 003 | BD-JhCC | ||
| 005 | 20171228131519.0 | ||
| 008 | 171228s1953 bg |||| ||a| 000 0 ben d | ||
| 035 | _a(BD-JhCC)5854 | ||
| 040 |
_aBD-JhCC _dBD-JhCC |
||
| 041 | _aben | ||
| 082 |
_a973.922092 _bKEN 1953 |
||
| 100 | _aরহমান, মোঃ হাবিবুর | ||
| 245 |
_aজন কেনেডী রাজনৈতিক জীবন-সমীক্ষা / _cমোঃ হাবিবুর রহমান (অনু.) |
||
| 300 |
_a420 p. : _c22 cm. |
||
| 600 | _aJhon F. Kennedy, 1917-1963 | ||
| 650 |
_aPresidents _zUnited States |
||
| 942 |
_2ddc _cBK |
||